Statistics for Ed Sheeran - Castle On The Hill Lyrics

Click here to take the quiz!

General Stats

  • This quiz has been taken 667 times
  • The average score is 21 of 26

Answer Stats

Hint Missing Lyrics % Correct
When I was ___ years old I broke my legsix
99%
I was running from my _______ and his friendsbrother
99%
I was younger then, take me back to ____when
93%
I'm on my way, Driving at 90 down those _______ lanescountry
91%
Made friends and ____ them through the yearslost
90%
Had my first kiss on a ______ night, I don't reckon I did it rightfriday
89%
We watched the ______ over the castle on the hillsunset
88%
And tasted the sweet _______ of the mountain grass I rolled downperfume
88%
I found my ____ and broke it hereheart
88%
You make me ____, And it's realfeel
88%
One had ___ kids but lives alonetwo
86%
And I can't wait to go ____home
85%
One's already on his ______ wifesecond
84%
Singing to "____ ______", And I miss the wayTiny Dancer
84%
I know I've _____, I can't wait to go homegrown
78%
One friend left to sell _______clothes
77%
One's brother _________overdosed
77%
One's just ______ getting bybarely
76%
We'd buy cheap _______ and drink them straightspirits
75%
One works down by the _____coast
75%
But these people ______ meraised
73%
Fifteen years old and smoking __________ cigaretteshandrolled
72%
Me and my friends have not ______ __ in so longthrown up
68%
Running from the law through the __________ and getting drunk with my friendsbackfields
63%
We found _______ jobs, when we got paidweekend
60%
And I've not seen the _______ fields in so longroaring
58%

Score Distribution

Percentile by Number Answered

Percent of People with Each Score

Your Score History

You have not taken this quiz